[Event "LTU-chT"]
[Site "Lithuania"]
[Date "2020.01.26"]
[Round "2.2"]
[White "Laurusas, Tomas"]
[Black "Mikenas, Laimutis"]
[Result "1-0"]
[WhiteElo "2509"]
[BlackElo "2005"]
[PlyCount "83"]
[EventDate "2020.01.25"]
[EventType "team-swiss"]
[EventRounds "7"]
[EventCountry "LTU"]
[SourceTitle "CBM 195 Extra"]
[Source "ChessBase"]
[SourceDate "2020.05.31"]
[SourceVersion "1"]
[SourceVersionDate "2020.05.31"]
[SourceQuality "1"]
[WhiteTeam "Vilnius MRU"]
[BlackTeam "Rokiskis"]
[WhiteTeamCountry "LTU"]
[BlackTeamCountry "LTU"]

1. c4 Nf6 2. Nf3 c5 3. Nc3 Nc6 4. d4 cxd4 5. Nxd4 Nxd4 6. Qxd4 d6 7. Bg5 Qa5 8. Bxf6 gxf6 9. g3 Be6 10. Bg2 Rc8 11. Bd5 Bxd5 12. cxd5 Bg7 13. 0-0 0-0 14. Qg4 Kh8 15. Rad1 f5 16. Qxf5 Bxc3 17. bxc3 Qxc3 18. Rd3 Qc2 19. Qe4 Rc7 20. a3 f5 21. Qd4+ Kg8 22. Re3 Qc5 23. Qh4 Qxd5 24. Rxe7 Rxe7 25. Qxe7 f4 26. Rc1 fxg3 27. hxg3 Qd2 28. Rb1 Qd4 29. Rf1 Rf7 30. Qe6 Kg7 31. Kg2 Qe5 32. Qg4+ Kf6 33. Rd1 d5 34. Kg1 Qe4 35. Qh5 Ke6 36. e3 Qf5 37. Qe2 Qf3 38. Qc2 h5 39. Rd4 Rg7 40. Rf4 Rxg3+ 41. fxg3 Qxg3+ 42. Kf1 1-0

[Event "LTU-chT"]
[Site "Lithuania"]
[Date "2017.02.18"]
[Round "4.4"]
[White "Mikenas, Laimutis"]
[Black "Bucinskas, Valdas"]
[Result "1/2-1/2"]
[WhiteElo "2018"]
[BlackElo "2348"]
[PlyCount "68"]
[EventDate "2017.01.28"]
[EventType "team-swiss"]
[EventRounds "7"]
[EventCountry "LTU"]
[SourceTitle "CBM 176 Extra"]
[Source "ChessBase"]
[SourceDate "2017.03.02"]
[SourceVersion "1"]
[SourceVersionDate "2017.03.02"]
[SourceQuality "1"]
[WhiteTeam "Rokiskis"]
[BlackTeam "Vilnius Chess United"]
[WhiteTeamCountry "LTU"]
[BlackTeamCountry "LTU"]

1. c4 e5 2. Nc3 Nf6 3. g3 d5 4. cxd5 Nxd5 5. Nf3 Nc6 6. Bg2 Nb6 7. 0-0 Be7 8. b3 0-0 9. Bb2 f5 10. e4 f4 11. Nd5 Nxd5 12. exd5 Nb4 13. Nxe5 Nxd5 14. Qc2 Bf5 15. Be4 Bxe4 16. Qxe4 c6 17. Nd3 Bd6 18. Qe6+ Kh8 19. Be5 Bxe5 20. Nxe5 Qc7 21. Rae1 Rad8 22. Qh3 Rf6 23. Ng4 Qd7 24. Qh5 Rf5 25. Ne5 Rxh5 26. Nxd7 Kg8 27. Nc5 b6 28. Ne6 Rd6 29. g4 Rh6 30. Nd4 Rd8 31. Ne6 Rd6 32. Nd4 Rd7 33. f3 c5 34. Nf5 Rc6 1/2-1/2

[Event "LTU-chT"]
[Site "Lithuania"]
[Date "2017.01.29"]
[Round "2.5"]
[White "Mikenas, Laimutis"]
[Black "Juknis, Paulius"]
[Result "1/2-1/2"]
[WhiteElo "2018"]
[BlackElo "2235"]
[PlyCount "143"]
[EventDate "2017.01.28"]
[EventType "team-swiss"]
[EventRounds "7"]
[EventCountry "LTU"]
[SourceTitle "CBM 176 Extra"]
[Source "ChessBase"]
[SourceDate "2017.03.02"]
[SourceVersion "1"]
[SourceVersionDate "2017.03.02"]
[SourceQuality "1"]
[WhiteTeam "Rokiskis"]
[BlackTeam "Kaunas KTU"]
[WhiteTeamCountry "LTU"]
[BlackTeamCountry "LTU"]

1. c4 g6 2. d4 Bg7 3. Nc3 c5 4. Nf3 cxd4 5. Nxd4 Nc6 6. Nxc6 bxc6 7. Qc2 Nf6 8. g3 0-0 9. Bg2 d5 10. 0-0 Bb7 11. Rd1 Qc7 12. Qb3 e6 13. Be3 Ba6 14. cxd5 cxd5 15. Rac1 Qa5 16. Qc2 Rfc8 17. Qd2 Ne8 18. Bh6 Rab8 19. Bxg7 Nxg7 20. Nxd5 Qxd2 21. Rxc8+ Rxc8 22. Nf6+ Kf8 23. Rxd2 Ke7 24. Ne4 Rc1+ 25. Bf1 Nf5 26. Nc3 Nd6 27. Rd1 Rc2 28. e3 Bxf1 29. Kxf1 Rxb2 30. Rb1 Rc2 31. Rb3 Kd7 32. Nb5 Ne4 33. Ra3 Rxf2+ 34. Kg1 Rb2 35. Rxa7+ Kc6 36. Nd4+ Kd5 37. Rxf7 Rxa2 38. Rd7+ Ke5 39. Nf3+ Kf6 40. Rxh7 Re2 41. Rh4 Rxe3 42. Rf4+ Kg7 43. Nd4 Ng5 44. Rg4 Rd3 45. Rxg5 Rxd4 46. h4 Kf6 47. Ra5 e5 48. Kf2 Kf5 49. Ke3 Rb4 50. Rc5 Rb3+ 51. Kf2 Ke4 52. Rc2 Rf3+ 53. Kg2 Rf6 54. g4 Kd3 55. Rf2 Rc6 56. h5 gxh5 57. gxh5 e4 58. Kg3 e3 59. Rf3 Kd2 60. Kg4 e2 61. Rf2 Ke3 62. Rxe2+ Kxe2 63. Kg5 Kf3 64. h6 Rc7 65. Kg6 Kg4 66. h7 Rc6+ 67. Kg7 Rc7+ 68. Kg6 Rc8 69. Kg7 Rc7+ 70. Kg6 Rc8 71. Kg7 Kg5 72. h8Q 1/2-1/2

[Event "LTU-chT"]
[Site "Lithuania"]
[Date "2017.01.28"]
[Round "1.10"]
[White "Borisovaite, Ana"]
[Black "Mikenas, Laimutis"]
[Result "0-1"]
[WhiteElo "1311"]
[BlackElo "2018"]
[PlyCount "84"]
[EventDate "2017.01.28"]
[EventType "team-swiss"]
[EventRounds "7"]
[EventCountry "LTU"]
[SourceTitle "CBM 176 Extra"]
[Source "ChessBase"]
[SourceDate "2017.03.02"]
[SourceVersion "1"]
[SourceVersionDate "2017.03.02"]
[SourceQuality "1"]
[WhiteTeam "Klaipeda II"]
[BlackTeam "Rokiskis"]
[WhiteTeamCountry "LTU"]
[BlackTeamCountry "LTU"]

1. d4 c6 2. Nf3 Nf6 3. Bf4 d5 4. h3 Bf5 5. e3 e6 6. Be2 Qa5+ 7. c3 Qb6 8. Qc1 Be7 9. 0-0 0-0 10. Nbd2 Nbd7 11. Nh4 Be4 12. f3 Bg6 13. Nxg6 hxg6 14. c4 c5 15. Nb3 cxd4 16. exd4 dxc4 17. Qxc4 Nd5 18. Qc1 Rac8 19. Qd2 Bb4 20. Qd3 Nxf4 21. Qd1 Nxe2+ 22. Qxe2 Nf6 23. Rfd1 Rc7 24. Nc1 Rfc8 25. a3 Bd6 26. b4 Nd5 27. Qe1 Nc3 28. Rd3 Bf4 29. Nb3 Qb5 30. Qf1 Qc4 31. Na5 Qd5 32. Qe1 b6 33. g3 Bxg3 34. Qxg3 Ne2+ 35. Kg2 Nxg3 36. Kxg3 bxa5 37. bxa5 Rc2 38. Rad1 Rb8 39. Re3 Rbb2 40. Re5 g5 41. Kg4 Rg2+ 42. Kh5 Qxf3# 0-1

[Event "LTU-chT"]
[Site "Lithuania"]
[Date "2016.04.03"]
[Round "7.7"]
[White "Grybas, Gintaras"]
[Black "Mikenas, Laimutis"]
[Result "1/2-1/2"]
[WhiteElo "1992"]
[BlackElo "2018"]
[PlyCount "93"]
[EventDate "2016.01.23"]
[EventType "team-swiss"]
[EventRounds "7"]
[EventCountry "LTU"]
[SourceTitle "EXT 2017"]
[Source "ChessBase"]
[SourceDate "2016.10.25"]
[SourceVersion "1"]
[SourceVersionDate "2016.10.25"]
[SourceQuality "1"]
[WhiteTeam "LASF"]
[BlackTeam "Rokiskis"]
[WhiteTeamCountry "LTU"]
[BlackTeamCountry "LTU"]

1. d4 d5 2. c4 e6 3. Nf3 Nf6 4. Nc3 c5 5. e3 Nc6 6. cxd5 Nxd5 7. Bb5 Nxc3 8. bxc3 cxd4 9. Qa4 dxc3 10. Nd4 Bd7 11. Nxc6 bxc6 12. Bxc6 Rc8 13. Bxd7+ Qxd7 14. Qxd7+ Kxd7 15. Rb1 Bd6 16. Rb7+ Rc7 17. Rxc7+ Kxc7 18. Kd1 Rd8 19. Kc2 Be5 20. f4 Bf6 21. e4 Bd4 22. Rd1 Kc6 23. Rd3 a6 24. Be3 Bf6 25. Rxd8 Bxd8 26. Kxc3 Kb5 27. Kb3 g6 28. h3 h5 29. a4+ Kc6 30. Kc4 Ba5 31. Bc1 Bc7 32. Be3 Bd6 33. Bd2 Bc7 34. Be3 Bd8 35. Bd4 Be7 36. Be5 Bh4 37. Bd4 Be1 38. Be3 Ba5 39. Bc1 Bd8 40. Kd4 Ba5 41. f5 Bc7 42. fxg6 fxg6 43. Bd2 Bg3 44. Bb4 Bf4 45. Be7 Kd7 46. Bf6 Kc6 47. Kc4 1/2-1/2

[Event "Panevezys op-A 28th"]
[Site "Panevezys"]
[Date "2015.08.20"]
[Round "6"]
[White "Simkunas, Kestutis"]
[Black "Mikenas, Laimutis"]
[Result "1-0"]
[WhiteElo "1825"]
[BlackElo "2013"]
[PlyCount "101"]
[EventDate "2015.08.17"]
[EventType "swiss"]
[EventRounds "9"]
[EventCountry "LTU"]
[SourceTitle "EXT 2016"]
[Source "ChessBase"]
[SourceDate "2015.10.08"]
[SourceVersion "1"]
[SourceVersionDate "2015.10.08"]
[SourceQuality "1"]

1. c4 e5 2. Nc3 Nc6 3. g3 g6 4. Bg2 Bg7 5. Nf3 Nge7 6. 0-0 0-0 7. d3 d6 8. Rb1 Nd4 9. e3 Ne6 10. d4 c5 11. dxe5 dxe5 12. Qc2 Qa5 13. Rd1 Nc7 14. Bd2 Qa6 15. b3 Bd7 16. Bc1 Bc6 17. Bb2 b6 18. Ng5 Bxg2 19. Kxg2 Rad8 20. Rxd8 Rxd8 21. Rd1 Qc8 22. Nge4 Ne6 23. Nb5 a6 24. Nbc3 f5 25. Nd2 Qc6+ 26. f3 Ng5 27. e4 Ne6 28. Nd5 Rd7 29. Nb1 Nd4 30. Bxd4 cxd4 31. Qd2 Nc8 32. Qg5 h6 33. Qd2 Nd6 34. Qe2 b5 35. Na3 Qc5 36. b4 Qc6 37. c5 Nf7 38. Nb6 Ra7 39. Rc1 Ng5 40. h4 Nxf3 41. Qxf3 fxe4 42. Qe2 e3+ 43. Kh2 Rf7 44. Rf1 Rxf1 45. Qxf1 Qe4 46. Nd7 e2 47. Qe1 d3 48. Nb1 Qc6 49. Nb6 e4 50. Nc3 Bxc3 51. Qxc3 1-0

[Event "Panevezys op-A 28th"]
[Site "Panevezys"]
[Date "2015.08.19"]
[Round "4"]
[White "Jankevicius, Nedas"]
[Black "Mikenas, Laimutis"]
[Result "1/2-1/2"]
[WhiteElo "1716"]
[BlackElo "2013"]
[PlyCount "51"]
[EventDate "2015.08.17"]
[EventType "swiss"]
[EventRounds "9"]
[EventCountry "LTU"]
[SourceTitle "EXT 2016"]
[Source "ChessBase"]
[SourceDate "2015.10.08"]
[SourceVersion "1"]
[SourceVersionDate "2015.10.08"]
[SourceQuality "1"]

1. Nf3 d5 2. g3 g6 3. d3 Bg7 4. Nbd2 Nf6 5. Bg2 Nc6 6. e4 dxe4 7. dxe4 0-0 8. 0-0 Ng4 9. c3 Nge5 10. Qc2 Qd3 11. Qxd3 Nxd3 12. Nb3 Nxc1 13. Raxc1 Bg4 14. h3 Bxf3 15. Bxf3 Ne5 16. Be2 b6 17. f4 Nd7 18. Rfd1 Rfd8 19. Bb5 Nc5 20. Nxc5 bxc5 21. b3 Kf8 22. e5 f6 23. e6 Rd6 24. Rxd6 exd6 25. c4 Ke7 26. Bd7 1/2-1/2

[Event "Panevezys op-A 28th"]
[Site "Panevezys"]
[Date "2015.08.17"]
[Round "1"]
[White "Ottolini, Graziano"]
[Black "Mikenas, Laimutis"]
[Result "1/2-1/2"]
[WhiteElo "1996"]
[BlackElo "2013"]
[PlyCount "53"]
[EventDate "2015.08.17"]
[EventType "swiss"]
[EventRounds "9"]
[EventCountry "LTU"]
[SourceTitle "EXT 2016"]
[Source "ChessBase"]
[SourceDate "2015.10.08"]
[SourceVersion "1"]
[SourceVersionDate "2015.10.08"]
[SourceQuality "1"]

1. e4 c6 2. d4 d5 3. exd5 cxd5 4. c4 Nf6 5. Nc3 Nc6 6. cxd5 Nxd5 7. Nf3 e6 8. a3 Be7 9. Bd3 Bf6 10. Ne2 0-0 11. 0-0 e5 12. dxe5 Nxe5 13. Nxe5 Bxe5 14. Ng3 Nf6 15. Ne4 Nxe4 16. Bxe4 Bxh2+ 17. Kxh2 Qh4+ 18. Kg1 Qxe4 19. Be3 Qg6 20. Qb3 Bd7 21. Qd5 Bc6 22. Qg5 Qxg5 23. Bxg5 f6 24. Be3 Rfe8 25. Rfd1 a6 26. Rd4 Re5 27. Rad1 1/2-1/2

[Event "LTU-chT"]
[Site "Lithuania"]
[Date "2015.01.24"]
[Round "1.1"]
[White "Mikenas, Laimutis"]
[Black "Sakalauskas, Vaidas"]
[Result "1/2-1/2"]
[WhiteElo "1983"]
[BlackElo "2384"]
[PlyCount "140"]
[EventDate "2015.01.24"]
[EventType "team-tourn"]
[EventRounds "7"]
[EventCountry "LTU"]
[SourceTitle "CBM 164 Extra"]
[Source "ChessBase"]
[SourceDate "2015.03.02"]
[SourceVersion "1"]
[SourceVersionDate "2015.03.02"]
[SourceQuality "1"]
[WhiteTeam "Rokiskis"]
[BlackTeam "Vilnius MRU"]
[WhiteTeamCountry "LTU"]
[BlackTeamCountry "LTU"]

1. c4 Nf6 2. Nc3 d5 3. d4 g6 4. Nf3 Bg7 5. e3 0-0 6. cxd5 Nxd5 7. Bc4 Nb6 8. Bb3 c5 9. dxc5 N6d7 10. 0-0 Nxc5 11. Qxd8 Rxd8 12. Rd1 Rxd1+ 13. Bxd1 Nc6 14. Be2 Bf5 15. Bd2 Rd8 16. Be1 Nb4 17. a3 Nc2 18. Rd1 Rxd1 19. Bxd1 Nxe1 20. Nxe1 Ne4 21. Nxe4 Bxe4 22. b3 Bb2 23. a4 Bc3 24. Bf3 Bb1 25. Kf1 b6 26. Bd5 e6 27. Bc4 Be4 28. f3 Bb7 29. Nd3 h5 30. Ke2 g5 31. Nf2 Be5 32. h3 Kg7 33. Ne4 Kg6 34. Nf2 Bd6 35. Ne4 Bb4 36. Nf2 Bc8 37. Nd3 Bd6 38. Nf2 f5 39. Bd3 Kf6 40. Bc4 Bb7 41. Bb5 Bg3 42. Nh1 Be5 43. Nf2 Ke7 44. Nd3 Bg3 45. Nb4 Kd6 46. Be8 h4 47. Bb5 g4 48. Ba6 Ba8 49. Bc4 e5 50. Bd3 a5 51. Na2 Bd5 52. Bxf5 gxf3+ 53. gxf3 Bxb3 54. Nc3 Kc6 55. Kd2 Kc5 56. Bd7 Kb4 57. e4 Bf2 58. Nd5+ Ka3 59. f4 exf4 60. Nc3 Bc5 61. Ke2 Be3 62. e5 Kb4 63. e6 Bc5 64. Ne4 Be7 65. Kf3 Bxa4 66. Bxa4 Kxa4 67. Nc3+ Kb3 68. Nd5 Bd8 69. Nxb6 a4 70. Nxa4 Kxa4 1/2-1/2

[Event "LTU-chT"]
[Site "Lithuania"]
[Date "2012.03.03"]
[Round "6"]
[White "Mikenas, Laimutis"]
[Black "Grybas, Gintaras"]
[Result "0-1"]
[WhiteElo "1954"]
[BlackElo "2060"]
[PlyCount "92"]
[EventDate "2012.01.21"]
[EventType "team-swiss"]
[EventRounds "7"]
[EventCountry "LTU"]
[SourceTitle "EXT 2013"]
[Source "ChessBase"]
[SourceDate "2012.11.22"]
[SourceVersion "1"]
[SourceVersionDate "2012.11.22"]
[SourceQuality "1"]
[WhiteTeam "Rokiskis"]
[BlackTeam "LASF"]
[WhiteTeamCountry "LTU"]
[BlackTeamCountry "LTU"]

1. c4 Nf6 2. Nc3 e6 3. d4 b6 4. Nf3 Bb7 5. g3 Bb4 6. Bd2 0-0 7. Bg2 d6 8. 0-0 Nbd7 9. a3 Bxc3 10. Bxc3 c5 11. b3 Qe7 12. e3 a5 13. dxc5 dxc5 14. a4 Ne4 15. Bb2 f5 16. Nd2 Ndf6 17. Nxe4 Nxe4 18. Qc2 Rad8 19. Rad1 Rxd1 20. Rxd1 Rd8 21. Rd3 Kf7 22. Qd1 Rxd3 23. Qxd3 Ke8 24. Qd1 g6 25. Bxe4 Bxe4 26. Be5 Qd7 27. Qe2 Kd8 28. f3 Bb1 29. Kf2 Qd3 30. Qxd3+ Bxd3 31. Ke1 Bc2 32. b4 cxb4 33. Kd2 Bxa4 34. Bd4 Kc7 35. c5 bxc5 36. Bxc5 Bc6 37. f4 Be4 38. Kc1 Kc6 39. Be7 Kb5 40. Kb2 a4 41. h3 a3+ 42. Kb3 Bd5+ 43. Kc2 Ka4 44. g4 b3+ 45. Kc3 b2 46. Kc2 Be4+ 0-1